000 02271cam a22005054i 4500
003 PE-LiUPU
005 20250731173554.0
008 150616s r 000 0 d
020 _a066425456X
035 _a(Sirsi) i9780664254568
040 _aPE-LiUPU
_bspa
_cPE-LiUPU
_erda
049 _aPRUA
082 0 4 _b
_221
100 1 _aMalina, Bruce J.,
_eautor.
245 1 4 _aThe New Testament World :
_bInsights from Cultural Anthropology /
_cBruce J. Malina.
264 1 _aLouisville, Kentucky :
_bWestminster,
_c1993.
300 _a200 páginas :
_bilustraciones ;
_c23 centímetros
336 _atext
_2rdacontent
337 _aunmediated
_2rdamedia
338 _avolume
_2rdacarrier
505 0 _aBible study and cultural anthropology: interpreting texts fairly.- Honor and shame: Pivotal values of the first-century mediterranean world.- The first century personality: the individual and the groupáginas- The perception of limited good: maintaining one's social status.- Kinship and marriage: fusing families together.- Clean and unclean: understanding rules of purity.- A theological conclusion.
526 _aSEG42
526 _aSEG41
526 _aSEG40
526 _aSEG39
526 _aP94
526 _aP87
526 _aP86
526 _aP85
526 _aP77
526 _aP76
526 _aP35
630 _aBiblia.
_pN.T.
_xCrítica, interpretación, etc.
650 0 4 _aJudios
_xVida social y costumbres.
910 _ajck
_bjvq
_cjck
942 _2ddc
_cBOOK
949 _a225.066 M19
_wDEWEY
_c1
_i43630
_lCCODEBUL1
_mBUL
_r0
_sY
_tBOOK
_u2015-4-23
_xTEOLOGIA
_zUNKNOWN
_0COMPRA
_o.STAFF. Colección General
949 _a225.066 M19
_wDEWEY
_c2
_i43450
_lCCODEBUL1
_mBUL
_r0
_sY
_tBOOK
_u2015-6-16
_xTEOLOGIA
_zUNKNOWN
_0COMPRA
_o.STAFF. Colección General
994 _aC0
_bPEPRU
596 _a1
999 _a225.066 M19
_wDEWEY
_c61418
_i43630
_f2021-11-9
_g5
_lCCODEBUL1
_mBUL
_r0
_sY
_tBOOK
_u2015-4-23
_xTEOLOGIA
_zUNKNOWN
_0COMPRA
_o.STAFF. Colección General
_d61418
999 _a225.066 M19
_wDEWEY
_c2
_i43450
_f2021-11-9
_g5
_lCCODEBUL1
_mBUL
_r0
_sY
_tBOOK
_u2015-6-16
_xTEOLOGIA
_zUNKNOWN
_0COMPRA
_o.STAFF. Colección General
980 _81
_gALBERTO SANCHEZ Responsable de Automatización